[Event "Kuwait Rapid op"]
[Site "Kuwait"]
[Date "2023.12.02"]
[Round "1"]
[White "Al Balushi, Rashid Ali"]
[Black "Bou Hamdan, Hani"]
[Result "1/2-1/2"]
[WhiteElo "1684"]
[BlackElo "1111"]
[PlyCount "146"]
[EventDate "2023.12.02"]
[EventType "swiss (rapid)"]
[EventRounds "9"]
[EventCountry "KUW"]
[SourceTitle "CB50_2023"]
[SourceDate "2023.12.13"]
[SourceVersion "1"]
[SourceVersionDate "2023.12.13"]
[SourceQuality "1"]

1. e4 e5 2. Bc4 Nf6 3. d3 Nc6 4. Nf3 d5 5. exd5 Nxd5 6. Bxd5 Qxd5 7. Nc3 Qe6 8. Be3 Bd6 9. Qd2 0-0 10. 0-0 f5 11. Qe2 f4 12. Bd2 Qg6 13. Kh1 Rf6 14. Ne4 Rf8 15. c3 Bf5 16. Nh4 Qh6 17. g3 Bh3 18. Rg1 g5 19. Nf3 g4 20. Nh4 f3 21. Bxh6 fxe2 22. Rge1 Rfd8 23. Rxe2 Ne7 24. d4 Ng6 25. Nxg6 hxg6 26. Nf6+ Kf7 27. dxe5 Bxe5 28. Nxg4 Bxg4 29. Rxe5 Bf3+ 30. Kg1 Rh8 31. Re3 Bc6 32. f4 Rxh6 33. Rae1 Re8 34. h4 Rxe3 35. Rxe3 Kf6 36. Kf2 Bd5 37. a3 c6 38. Re8 Rh7 39. Ra8 a6 40. Re8 Kf7 41. Re5 Rh8 42. Ke3 Re8 43. Rxe8 Kxe8 44. Kd4 Kd7 45. Ke5 Ke7 46. g4 Bf7 47. f5 gxf5 48. Kxf5 Be6+ 49. Kg5 Kf7 50. h5 Kg7 51. h6+ Kh7 52. Kh5 Bf7+ 53. Kg5 Bg6 54. Kf6 Kxh6 55. g5+ Kh7 56. Ke7 Bf5 57. Kd8 b5 58. b4 Kg6 59. Kc7 Be4 60. Kb6 Kf7 61. Kxa6 Ke6 62. Kb6 Kd6 63. Kb7 c5+ 64. Kb6 cxb4 65. cxb4 Bd3 66. g6 Ke6 67. Kc5 Kf6 68. Kd4 Bf1 69. Kc3 Kxg6 70. Kb3 Kf6 71. a4 Bc4+ 72. Kc3 Ke5 73. axb5 Bxb5 1/2-1/2